MARC

LEADER 00000nam0a2200000 4500
001 57196
005 20231031054119.0
010 |a 5797501228 
035 |a (RuTPU)RU\TPU\book\60331 
090 |a 57196 
100 |a 20031024d2003 m y0rusy50 ca 
101 0 |a rus 
102 |a RU 
105 |a y j 000zy 
200 1 |a Логика  |e учебник  |f А. А. Ивин 
210 |a Москва  |c Гардарики  |d 2003 
215 |a 348 с. 
225 1 |a Disciplinae 
451 1 |0 (RuTPU)RU\TPU\book\79388  |y 5-06-005117-X  |t Логика  |o учебное пособие для вузов  |f А. А. Ивин  |c М.  |n Высшая школа  |d 2004  |p 304 с.  |a Ивин, Александр Архипович 
451 1 |0 (RuTPU)RU\TPU\book\14019  |y 5-8183-0045-5  |t Логика  |o учебник  |f А. А. Ивин  |c М.  |n ФАИР-ПРЕСС  |d 1999  |p 320 с.  |a Ивин, Александр Архипович 
610 1 |a логика 
610 1 |a мышление 
610 1 |a язык 
610 1 |a имена 
610 1 |a определения 
610 1 |a классификация 
610 1 |a высказывания 
610 1 |a неклассическая логика 
610 1 |a доказательство 
610 1 |a дедукция 
610 1 |a индукция 
610 1 |a софизмы 
610 1 |a парадоксы 
610 1 |a учебники 
686 |a Ю4я73  |v LBC/SL-A  |2 rubbk 
700 1 |a Ивин  |b А. А.  |g Александр Архипович 
801 1 |a RU  |b 63413507  |c 20031024  |g PSBO 
801 2 |a RU  |b 63413507  |c 20180910  |g PSBO 
900 |a Логика 
942 |c BK 
952 |a 520000  |b 020000